000 00545nam a22002177a 4500
003 UA-OsUOA
001 38342
007 ta
008 20060504b un ||||| |||| 00| 0 ukr d
100 _aНагайчук А.Ф.
090 _a32
_bН11
942 _cSA
040 _aUA-OsUOA
_brus
_cUA-OsUOA
_dUA-OsUOA
245 _aКонфликт интересов в сфере социальной политики
300 _a48-53 с.
955 _a0
041 _arus
080 _a32
773 0 _w38340
650 7 _a32 Політика
_2UDC
999 _c324509
_d324509